[Event "First Lady of Indonesia Cup"]
[Site "Surakarta"]
[Date "1982.03.06"]
[Round "21"]
[White "Sampouw, Jacobus S"]
[Black "Ribli, Zoltan"]
[Result "1-0"]
[WhiteElo "2305"]
[BlackElo "2590"]
[PlyCount "61"]
[EventDate "1982.02.09"]
[EventType "tourn"]
[EventRounds "25"]
[EventCountry "INA"]
[EventCategory "9"]
[SourceTitle "MCD"]
[Source "ChessBase"]
[SourceDate "1999.07.01"]
[SourceVersion "1"]
[SourceVersionDate "1999.07.01"]
[SourceQuality "1"]

1. e4 c5 2. Nf3 d6 3. d4 cxd4 4. Nxd4 Nf6 5. Nc3 a6 6. Bg5 e6 7. f4 Qb6 8. Qd2 Qxb2 9. Nb3 Qa3 10. Bxf6 gxf6 11. Be2 Nc6 12. 0-0 Bd7 13. Qe3 Rc8 14. Nb1 Qa4 15. Nc3 Qa3 16. Rfd1 Na5 17. Nb1 Qb2 18. Nxa5 Qxa1 19. Qb3 b5 20. c3 b4 21. cxb4 Bb5 22. Bh5 Ke7 23. e5 fxe5 24. f5 d5 25. fxe6 Bh6 26. Qxd5 Rcd8 27. Qb7+ Kf6 28. Qxf7+ Kg5 29. Nd2 Qd4+ 30. Kh1 e4 31. g3 1-0

[Event "First Lady of Indonesia Cup"]
[Site "Surakarta"]
[Date "1982.03.02"]
[Round "18"]
[White "Maninang, Rafaelito"]
[Black "Sampouw, Jacobus S"]
[Result "1-0"]
[WhiteElo "2350"]
[BlackElo "2305"]
[PlyCount "115"]
[EventDate "1982.02.09"]
[EventType "tourn"]
[EventRounds "25"]
[EventCountry "INA"]
[EventCategory "9"]
[SourceTitle "MCD"]
[Source "ChessBase"]
[SourceDate "1999.07.01"]
[SourceVersion "1"]
[SourceVersionDate "1999.07.01"]
[SourceQuality "1"]

1. c4 e6 2. Nc3 d5 3. d4 Nf6 4. Nf3 Be7 5. Bg5 0-0 6. e3 c6 7. Qc2 Ne4 8. Bxe7 Qxe7 9. Nxe4 dxe4 10. Qxe4 Qb4+ 11. Nd2 Qxb2 12. Qb1 Qc3 13. Bd3 e5 14. d5 f5 15. Be2 e4 16. Qc1 Qf6 17. 0-0 Nd7 18. Qa3 b6 19. Rad1 Bb7 20. f3 exf3 21. Nxf3 c5 22. Rfe1 Rfe8 23. Bd3 b5 24. Qb3 b4 25. Qc2 g6 26. e4 fxe4 27. Bxe4 Nb6 28. h4 Qc3 29. Qf2 Nd7 30. h5 Nf6 31. Ng5 Qe5 32. Qh4 h6 33. Nf3 g5 34. Nxe5 gxh4 35. Bg6 Red8 36. Nd3 Ba6 37. Re6 Bxc4 38. Rxf6 Bxd5 39. Nxc5 Bxa2 40. Rxd8+ Rxd8 41. Ra6 Rd1+ 42. Kh2 Rd2 43. Ne4 Rb2 44. Rxa7 Kf8 45. Rd7 h3 46. Rd8+ Ke7 47. Re8+ Kd7 48. Kxh3 Bc4 49. g4 b3 50. Rb8 Bf1+ 51. Kg3 Rg2+ 52. Kf3 Rb2 53. Nc5+ Kd6 54. Rxb3 Bg2+ 55. Kg3 Rxb3+ 56. Nxb3 Bd5 57. Nd4 Ke5 58. Nf5 1-0

[Event "First Lady of Indonesia Cup"]
[Site "Surakarta"]
[Date "1982.02.16"]
[Round "7"]
[White "Radulov, Ivan"]
[Black "Sampouw, Jacobus S"]
[Result "1-0"]
[WhiteElo "2505"]
[BlackElo "2305"]
[PlyCount "65"]
[EventDate "1982.02.09"]
[EventType "tourn"]
[EventRounds "25"]
[EventCountry "INA"]
[EventCategory "9"]
[SourceTitle "MCD"]
[Source "ChessBase"]
[SourceDate "1999.07.01"]
[SourceVersion "1"]
[SourceVersionDate "1999.07.01"]
[SourceQuality "1"]

1. e4 d6 2. d4 Nf6 3. Nc3 g6 4. f4 Bg7 5. Nf3 0-0 6. Be3 c5 7. dxc5 Qa5 8. Bd3 Ng4 9. Bd2 Qxc5 10. Qe2 Bd7 11. Nd5 Re8 12. 0-0-0 e6 13. Ne3 Nf6 14. e5 Nd5 15. Nc4 dxe5 16. Ncxe5 Rc8 17. Kb1 Be8 18. h4 Nc6 19. c3 b5 20. h5 Rab8 21. hxg6 hxg6 22. Rc1 Qd6 23. g3 Na5 24. Be3 b4 25. cxb4 Rxc1+ 26. Rxc1 Qxb4 27. Bxa7 Ra8 28. Bc5 Qb7 29. Nd4 Nc6 30. Ndxc6 Bxc6 31. Nxg6 Rb8 32. Ne5 Nb4 33. Bxb4 1-0

[Event "First Lady of Indonesia Cup"]
[Site "Surakarta"]
[Date "1982.02.14"]
[Round "5"]
[White "Gunawan, Ronny"]
[Black "Sampouw, Jacobus S"]
[Result "1-0"]
[WhiteElo "2345"]
[BlackElo "2305"]
[PlyCount "77"]
[EventDate "1982.02.09"]
[EventType "tourn"]
[EventRounds "25"]
[EventCountry "INA"]
[EventCategory "9"]
[SourceTitle "MCD"]
[Source "ChessBase"]
[SourceDate "1999.07.01"]
[SourceVersion "1"]
[SourceVersionDate "1999.07.01"]
[SourceQuality "1"]

1. e4 d6 2. d4 Nf6 3. Bd3 g6 4. c4 Bg7 5. Nc3 0-0 6. Nge2 Nc6 7. f3 e5 8. d5 Nb4 9. Bb1 Ne8 10. a3 Na6 11. Be3 f5 12. Qd2 Nc5 13. Bc2 a5 14. Rb1 fxe4 15. Nxe4 Nxe4 16. Bxe4 Nf6 17. 0-0 b6 18. Nc3 Bd7 19. b4 axb4 20. axb4 Rf7 21. Ra1 Bf8 22. Qb2 Rxa1 23. Rxa1 Ne8 24. Qd2 Ng7 25. g4 Ne8 26. Kg2 Kh8 27. h3 Nf6 28. Bc2 Be7 29. Ne4 Nxe4 30. Bxe4 Kg7 31. c5 bxc5 32. bxc5 Qb8 33. c6 Bc8 34. Rb1 Qa8 35. Bh6+ Kg8 36. Qb2 Bf8 37. Ra1 Ba6 38. Bxf8 Rxf8 39. Qa2 1-0

[Event "Marlboro Chess Classic"]
[Site "Manila"]
[Date "1979.06.21"]
[Round "6"]
[White "Dorfman, Josif D"]
[Black "Sampouw, Jacobus S"]
[Result "1-0"]
[WhiteElo "2595"]
[BlackElo "2320"]
[PlyCount "69"]
[EventDate "1979.06.15"]
[EventType "tourn"]
[EventRounds "13"]
[EventCountry "PHI"]
[EventCategory "7"]
[SourceTitle "EXT 2004"]
[Source "ChessBase"]
[SourceDate "2003.11.25"]
[SourceVersion "1"]
[SourceVersionDate "2003.11.25"]
[SourceQuality "1"]

1. e4 e5 2. Nf3 Nc6 3. Bb5 a6 4. Ba4 Nf6 5. 0-0 b5 6. Bb3 Be7 7. Re1 0-0 8. c3 d5 9. exd5 Nxd5 10. Nxe5 Nxe5 11. Rxe5 c6 12. Bxd5 cxd5 13. d4 Bd6 14. Re3 a5 15. a4 bxa4 16. Rxa4 Ra6 17. Re1 Bf5 18. Ra1 Qh4 19. g3 Qh3 20. Qe2 Rfa8 21. Nd2 h5 22. Qf1 Qg4 23. Qg2 h4 24. f3 Qg6 25. g4 Bd3 26. Nf1 f5 27. gxf5 Qxf5 28. Ne3 Re8 29. Qxg7+ Kxg7 30. Nxf5+ Bxf5 31. Rxe8 Kf7 32. Rh8 Be7 33. Bf4 Rg6+ 34. Kf2 Rb6 35. Rb8 1-0

[Event "Marlboro Chess Classic"]
[Site "Manila"]
[Date "1979.06.18"]
[Round "4"]
[White "Shaw, Terrey Ian"]
[Black "Sampouw, Jacobus S"]
[Result "0-1"]
[WhiteElo "2355"]
[BlackElo "2320"]
[PlyCount "74"]
[EventDate "1979.06.15"]
[EventType "tourn"]
[EventRounds "13"]
[EventCountry "PHI"]
[EventCategory "7"]
[SourceTitle "EXT 2004"]
[Source "ChessBase"]
[SourceDate "2003.11.25"]
[SourceVersion "1"]
[SourceVersionDate "2003.11.25"]
[SourceQuality "1"]

1. e4 e5 2. Nc3 Nf6 3. g3 Nc6 4. Bg2 Bc5 5. d3 h6 6. Nge2 d6 7. Na4 Bb6 8. Nxb6 axb6 9. 0-0 Bg4 10. f3 Be6 11. c4 Qc8 12. Be3 h5 13. h4 Bh3 14. d4 Rg8 15. Qd2 Nh7 16. Kh2 Bxg2 17. Kxg2 f6 18. Rh1 Qd7 19. b3 g5 20. dxe5 Nxe5 21. hxg5 fxg5 22. Nd4 h4 23. Nf5 g4 24. f4 h3+ 25. Kf2 Nf6 26. Qd4 c5 27. Nxd6+ Qxd6 28. Qxd6 Nxe4+ 29. Ke2 Nxg3+ 30. Kd1 Rd8 31. Kc2 Rxd6 32. fxe5 Nxh1 33. exd6 Ng3 34. Bf4 Nh5 35. Re1+ Kd8 36. Be3 Kd7 37. Kd3 Re8 0-1

[Event "Olympiad-23"]
[Site "Buenos Aires"]
[Date "1978.11.08"]
[Round "13"]
[White "Sampouw, Jacobus S"]
[Black "Woodhams, Michael V"]
[Result "0-1"]
[WhiteElo "2315"]
[BlackElo "2385"]
[PlyCount "52"]
[EventDate "1978.10.25"]
[EventType "team-swiss"]
[EventRounds "14"]
[EventCountry "ARG"]
[SourceTitle "EXT 2000"]
[Source "ChessBase"]
[SourceDate "1999.11.16"]
[SourceVersion "1"]
[SourceVersionDate "1999.11.16"]
[SourceQuality "1"]
[WhiteTeam "Indonesia"]
[BlackTeam "Australia"]
[WhiteTeamCountry "INA"]
[BlackTeamCountry "AUS"]

1. e4 Nc6 2. Nf3 d6 3. d4 Nf6 4. Nc3 Bg4 5. d5 Ne5 6. Bb5+ Bd7 7. Bxd7+ Qxd7 8. Nd4 c5 9. Nf5 Nxe4 10. Nxg7+ Bxg7 11. Nxe4 0-0-0 12. Qe2 Qg4 13. f3 Qh4+ 14. Qf2 Qh5 15. Rb1 f5 16. Ng5 Bf6 17. h4 Bxg5 18. Bxg5 Rhg8 19. Qd2 Rg6 20. Qf4 Rdg8 21. Qxf5+ e6 22. dxe6 Rxg5 23. hxg5 Qxh1+ 24. Kd2 Qxg2+ 25. Ke3 Nc4+ 26. Kd3 Qd2+ 0-1

[Event "Olympiad-23"]
[Site "Buenos Aires"]
[Date "1978.11.03"]
[Round "9"]
[White "Hoen, Ragnar Harald"]
[Black "Sampouw, Jacobus S"]
[Result "1-0"]
[WhiteElo "2380"]
[BlackElo "2315"]
[PlyCount "59"]
[EventDate "1978.10.25"]
[EventType "team-swiss"]
[EventRounds "14"]
[EventCountry "ARG"]
[SourceTitle "EXT 2000"]
[Source "ChessBase"]
[SourceDate "1999.11.16"]
[SourceVersion "1"]
[SourceVersionDate "1999.11.16"]
[SourceQuality "1"]
[WhiteTeam "Norway"]
[BlackTeam "Indonesia"]
[WhiteTeamCountry "NOR"]
[BlackTeamCountry "INA"]

1. e4 e5 2. Nf3 Nc6 3. Bc4 Nf6 4. d4 Nxe4 5. dxe5 Qe7 6. Qe2 f5 7. Nc3 b6 8. Nxe4 fxe4 9. Qxe4 Bb7 10. Bd5 h6 11. 0-0 0-0-0 12. Bd2 g5 13. Rfe1 Bg7 14. Bc3 Kb8 15. Re3 h5 16. Qg6 g4 17. Bxc6 gxf3 18. Bxb7 Kxb7 19. Rxf3 Rdg8 20. Rd1 Qh4 21. Qf5 Qa4 22. h3 Re8 23. Qxd7 Qxc2 24. Re1 Bh6 25. Rf7 Rc8 26. Qd5+ Kb8 27. e6 Rhd8 28. Qe4 Rd3 29. e7 Re8 30. Qc6 1-0

[Event "Olympiad-23"]
[Site "Buenos Aires"]
[Date "1978.10.31"]
[Round "6"]
[White "Sampouw, Jacobus S"]
[Black "Campora, Daniel Hugo"]
[Result "0-1"]
[WhiteElo "2315"]
[BlackElo "2370"]
[PlyCount "76"]
[EventDate "1978.10.25"]
[EventType "team-swiss"]
[EventRounds "14"]
[EventCountry "ARG"]
[SourceTitle "EXT 2000"]
[Source "ChessBase"]
[SourceDate "1999.11.16"]
[SourceVersion "1"]
[SourceVersionDate "1999.11.16"]
[SourceQuality "1"]
[WhiteTeam "Indonesia"]
[BlackTeam "Argentina"]
[WhiteTeamCountry "INA"]
[BlackTeamCountry "ARG"]

1. e4 e5 2. Nf3 Nc6 3. Nc3 Nf6 4. Bc4 Bc5 5. d3 d6 6. h3 Be6 7. Bb3 Qd7 8. Na4 Bb6 9. Nxb6 axb6 10. Bg5 Qe7 11. c3 h6 12. Be3 d5 13. Nd2 dxe4 14. dxe4 Nd7 15. Qe2 Bxb3 16. Nxb3 Qe6 17. 0-0 0-0 18. Rfd1 Nf6 19. Qf3 Rfd8 20. Rxd8+ Rxd8 21. Nd2 Ne7 22. Nf1 Qc4 23. Ng3 Qd3 24. a4 Ng6 25. Qf5 Qd6 26. Qf3 Qc6 27. a5 Ra8 28. Rd1 bxa5 29. Bc1 a4 30. Re1 Rd8 31. Nf5 Qe6 32. g4 Nh7 33. h4 Qf6 34. h5 Ngf8 35. Kg2 Ne6 36. Rd1 Nhg5 37. Bxg5 Qxg5 38. Kg3 Qf4+ 0-1

[Event "Olympiad-23"]
[Site "Buenos Aires"]
[Date "1978.10.28"]
[Round "4"]
[White "Sampouw, Jacobus S"]
[Black "Ghitescu, Theodor"]
[Result "1-0"]
[WhiteElo "2315"]
[BlackElo "2450"]
[PlyCount "89"]
[EventDate "1978.10.25"]
[EventType "team-swiss"]
[EventRounds "14"]
[EventCountry "ARG"]
[SourceTitle "EXT 2000"]
[Source "ChessBase"]
[SourceDate "1999.11.16"]
[SourceVersion "1"]
[SourceVersionDate "1999.11.16"]
[SourceQuality "1"]
[WhiteTeam "Indonesia"]
[BlackTeam "Romania"]
[WhiteTeamCountry "INA"]
[BlackTeamCountry "ROU"]

1. e4 c5 2. Nf3 d6 3. d4 cxd4 4. Nxd4 Nf6 5. Nc3 a6 6. Be2 e5 7. Nb3 Be7 8. Be3 0-0 9. g4 Be6 10. g5 Nfd7 11. Qd2 Nc6 12. Nd5 a5 13. a3 a4 14. Nc1 Nc5 15. f3 Nd4 16. Bxd4 exd4 17. Nxe7+ Qxe7 18. Qxd4 Qxg5 19. Nd3 Nxd3+ 20. Bxd3 Qf4 21. Ke2 Ra5 22. Rag1 g6 23. Qe3 Qf6 24. Qb6 Rc5 25. h4 Rfc8 26. c3 d5 27. Ke3 dxe4 28. Bxe4 Qe7 29. Kf2 Rd8 30. h5 Bf5 31. hxg6 hxg6 32. Rd1 Re8 33. Rde1 Re5 34. Qd4 Rd8 35. Bd5 Rdxd5 36. Qxd5 Rxe1 37. Rxe1 Qh4+ 38. Ke2 Qh2+ 39. Ke3 Qxb2 40. Qd8+ Kg7 41. Qd4+ f6 42. Qb4 Qb3 43. Qe7+ Qf7 44. Kd4 g5 45. Qd8 1-0

[Event "Jakarta International"]
[Site "Jakarta"]
[Date "1978.05.??"]
[Round "?"]
[White "Chiong Zacarias, Romero Luis"]
[Black "Sampouw, Jacobus S"]
[Result "1/2-1/2"]
[WhiteElo "2400"]
[BlackElo "2315"]
[PlyCount "122"]
[EventDate "1978.05.06"]
[EventType "tourn"]
[EventRounds "13"]
[EventCountry "INA"]
[EventCategory "5"]
[SourceTitle "EXT 1998"]
[Source "ChessBase"]
[SourceDate "1997.11.17"]
[SourceVersion "1"]
[SourceVersionDate "1997.11.17"]
[SourceQuality "1"]

1. e4 e5 2. Nf3 Nc6 3. Bb5 a6 4. Ba4 Nf6 5. 0-0 Nxe4 6. d4 b5 7. Bb3 d5 8. dxe5 Be6 9. c3 Be7 10. Nbd2 Nc5 11. Nd4 Nxe5 12. f4 Nc4 13. f5 Bd7 14. Nxc4 dxc4 15. Bc2 Nd3 16. Bxd3 cxd3 17. Qxd3 0-0 18. Bf4 c5 19. Nc2 Bc6 20. Qg3 Bh4 21. Qg4 Re8 22. Rad1 Qe7 23. Bh6 Bf6 24. Rfe1 Qc7 25. Bf4 Rxe1+ 26. Rxe1 h5 27. Qxg7+ Kxg7 28. Bxc7 Bd5 29. a3 Bb3 30. Ne3 Rc8 31. Ba5 Re8 32. Kf2 Re4 33. g3 Ra4 34. Bb6 b4 35. Bxc5 bxc3 36. bxc3 Bxc3 37. Rb1 Ba2 38. Rb6 Be5 39. Kf3 a5 40. Ra6 h4 41. Bb4 hxg3 42. hxg3 Bb2 43. Rxa5 Rxa5 44. Bxa5 Bxa3 45. Bc3+ Kh6 46. Bf6 Bc1 47. Ng4+ Kh5 48. Ne5 Bd5+ 49. Kf2 Kh6 50. Ng4+ Kh5 51. Nh2 Kh6 52. g4 Bf4 53. Nf3 Be4 54. Bd4 Bc7 55. Bc5 Kg7 56. Ke3 Bc2 57. Bd4+ Kh6 58. Be5 Bxe5 59. Nxe5 Kg5 60. Kf3 Bxf5 61. Nxf7+ Kf6 1/2-1/2

[Event "Jakarta International"]
[Site "Jakarta"]
[Date "1978.05.??"]
[Round "?"]
[White "Sampouw, Jacobus S"]
[Black "Ardiansyah, Haji"]
[Result "0-1"]
[WhiteElo "2315"]
[BlackElo "2330"]
[PlyCount "114"]
[EventDate "1978.05.06"]
[EventType "tourn"]
[EventRounds "13"]
[EventCountry "INA"]
[EventCategory "5"]
[SourceTitle "EXT 1998"]
[Source "ChessBase"]
[SourceDate "1997.11.17"]
[SourceVersion "1"]
[SourceVersionDate "1997.11.17"]
[SourceQuality "1"]

1. e4 c5 2. Nf3 d6 3. Bb5+ Nc6 4. c3 Nf6 5. Qe2 Bg4 6. d4 cxd4 7. cxd4 Nd7 8. d5 Ncb8 9. Be3 g6 10. Bd4 f6 11. Nbd2 Bg7 12. h3 Bxf3 13. gxf3 a6 14. Ba4 0-0 15. f4 f5 16. Bxg7 Kxg7 17. Bc2 fxe4 18. Nxe4 Qa5+ 19. Nc3 Qb4 20. Qxe7+ Rf7 21. Qe4 Qxb2 22. Kd2 Qb6 23. Qe3 Nc5 24. Rab1 Qd8 25. h4 Qf6 26. h5 Qxf4 27. hxg6 hxg6 28. Rbg1 Qxe3+ 29. fxe3 Rf6 30. Ne2 Nbd7 31. Nf4 Rg8 32. Nh5+ Kf7 33. Nxf6 Nxf6 34. Rf1 Ke7 35. Rh6 Nxd5 36. Rxg6 Rh8 37. Rf2 Kd7 38. Rg5 Kc6 39. Rfg2 Re8 40. Bg6 Re7 41. Re2 b5 42. Rg4 a5 43. Rh4 b4 44. Re1 Kb5 45. Bd3+ Ka4 46. Bc4 Nc3 47. Kc2 Rg7 48. Rh2 d5 49. Bb3+ Ka3 50. Rd2 N5e4 51. Bxd5 Nxd2 52. Kxd2 Nxd5 53. e4 Nc3 54. e5 Kxa2 55. Kd3 Kb3 56. e6 Re7 57. Kd4 a4 0-1

[Event "Jakarta International"]
[Site "Jakarta"]
[Date "1978.05.??"]
[Round "?"]
[White "Sampouw, Jacobus S"]
[Black "Quinteros, Miguel Angel"]
[Result "0-1"]
[WhiteElo "2315"]
[BlackElo "2480"]
[PlyCount "100"]
[EventDate "1978.05.06"]
[EventType "tourn"]
[EventRounds "13"]
[EventCountry "INA"]
[EventCategory "5"]
[SourceTitle "EXT 1998"]
[Source "ChessBase"]
[SourceDate "1997.11.17"]
[SourceVersion "1"]
[SourceVersionDate "1997.11.17"]
[SourceQuality "1"]

1. e4 c5 2. Nf3 d6 3. d4 cxd4 4. Nxd4 Nf6 5. Nc3 a6 6. Bc4 e6 7. Bb3 b5 8. Bg5 Be7 9. Qf3 Qb6 10. Be3 Qb7 11. a3 Nbd7 12. Qg3 Nxe4 13. Qxg7 Bf6 14. Qh6 Nxc3 15. bxc3 Qxg2 16. 0-0-0 Qg6 17. Qh3 Nc5 18. Rhg1 Qe4 19. Qh6 Qh4 20. Qxh4 Bxh4 21. Nf3 Be7 22. Bd4 Nxb3+ 23. cxb3 e5 24. Bb6 Bb7 25. Nd2 Kd7 26. Nf1 Rhg8 27. Ng3 Ke6 28. Rge1 Rg4 29. Ne2 Kd7 30. Be3 Bf3 31. Rd2 Rag8 32. Ng3 Ke6 33. Kb2 f5 34. Bb6 f4 35. Ne2 Bxe2 36. Rexe2 f3 37. Re1 Rg1 38. Re4 R8g4 39. Rdd4 Rxe4 40. Rxe4 Rg2 41. a4 Kf5 42. Re1 bxa4 43. b4 Rxh2 44. Ka3 Bh4 45. Rf1 e4 46. c4 Bxf2 47. Bxf2 Rxf2 48. Rxf2 Kf4 49. b5 axb5 50. cxb5 e3 0-1

[Event "Wellington"]
[Site "Wellington"]
[Date "1978.??.??"]
[Round "?"]
[White "Chandler, Murray G"]
[Black "Sampouw, Jacobus S"]
[Result "1-0"]
[WhiteElo "2390"]
[BlackElo "2315"]
[PlyCount "67"]
[EventDate "1978.04.??"]
[EventType "tourn"]
[EventRounds "13"]
[EventCountry "NZL"]
[EventCategory "3"]
[SourceTitle "EXT 1998"]
[Source "ChessBase"]
[SourceDate "1997.11.17"]
[SourceVersion "1"]
[SourceVersionDate "1997.11.17"]
[SourceQuality "1"]

1. Nf3 Nf6 2. c4 e6 3. g3 d5 4. Bg2 g6 5. 0-0 Bg7 6. d4 0-0 7. Nc3 Nbd7 8. cxd5 exd5 9. Bf4 c6 10. Rc1 Re8 11. Re1 Nf8 12. Be5 N8d7 13. Bd6 Bh6 14. e3 Nb6 15. Bc5 Bg4 16. h3 Bxf3 17. Bxf3 Nc4 18. b3 Nd6 19. Bxd6 Qxd6 20. Qc2 Nd7 21. Na4 f5 22. Nc5 Nxc5 23. dxc5 Qc7 24. b4 Rad8 25. Rb1 Bg7 26. Red1 Kh8 27. b5 d4 28. bxc6 bxc6 29. exd4 Bxd4 30. Kg2 Re5 31. Qa4 Bxc5 32. Rxd8+ Qxd8 33. Qxc6 Qd4 34. Qf6+ 1-0

[Event "Wellington"]
[Site "Wellington"]
[Date "1978.??.??"]
[Round "?"]
[White "Torre, Eugenio"]
[Black "Sampouw, Jacobus S"]
[Result "0-1"]
[WhiteElo "2490"]
[BlackElo "2315"]
[PlyCount "160"]
[EventDate "1978.04.??"]
[EventType "tourn"]
[EventRounds "13"]
[EventCountry "NZL"]
[EventCategory "3"]
[SourceTitle "EXT 1998"]
[Source "ChessBase"]
[SourceDate "1997.11.17"]
[SourceVersion "1"]
[SourceVersionDate "1997.11.17"]
[SourceQuality "1"]

1. c4 Nf6 2. Nc3 c5 3. g3 Nc6 4. Bg2 g6 5. Nf3 Bg7 6. d4 cxd4 7. Nxd4 0-0 8. 0-0 Qb6 9. Nb3 d6 10. Bg5 Be6 11. Nd5 Qd8 12. Rc1 Qd7 13. Nd2 Ng4 14. h3 Nh6 15. Ne4 f6 16. Be3 Bxh3 17. Bxh3 Qxh3 18. Nf4 Qc8 19. f3 Nf5 20. Bf2 Bh6 21. Kg2 Bxf4 22. gxf4 Rf7 23. Rh1 Qd8 24. Qd5 Kf8 25. Rhd1 Qc8 26. a3 Nd8 27. c5 Ne6 28. e3 Nc7 29. Qd3 d5 30. Nc3 e6 31. b4 Qe8 32. a4 Rd8 33. b5 Rfd7 34. c6 bxc6 35. bxc6 Rg7 36. Nb5 g5 37. fxg5 Qh5 38. Nxc7 Qxg5+ 39. Kf1 Rxc7 40. Qc3 Kf7 41. Ke2 Ng3+ 42. Bxg3 Qxg3 43. Rh1 Qg2+ 44. Kd3 Qg6+ 45. Ke2 Qg2+ 46. Kd3 Qg6+ 47. Ke2 Rb8 48. Rhg1 Qf5 49. Rg4 h5 50. Rg3 Rb1 51. Rcg1 Rxg1 52. Rxg1 Qe5 53. Qxe5 fxe5 54. Rg5 Kf6 55. Rxh5 Rxc6 56. Rh7 Ra6 57. Rh4 Ke7 58. Kd2 Kd6 59. f4 exf4 60. Rxf4 Rc6 61. Kd3 Rc1 62. Rf7 Rc7 63. Rf4 a5 64. Rh4 Rc1 65. Rg4 Rb1 66. Kc3 Kc5 67. Rg6 Rb6 68. e4 Rb4 69. exd5 Kxd5 70. Rg8 Rxa4 71. Rd8+ Ke4 72. Ra8 e5 73. Kb3 Rb4+ 74. Kc3 Rd4 75. Rxa5 Rd8 76. Ra1 Kf3 77. Rh1 e4 78. Rh3+ Kf2 79. Rh2+ Kg3 80. Rh7 e3 0-1

[Event "Marlboro Chess Classic"]
[Site "Manila"]
[Date "1977.11.03"]
[Round "11"]
[White "Tarjan, James Edward"]
[Black "Sampouw, Jacobus S"]
[Result "1-0"]
[WhiteElo "2495"]
[BlackElo "2315"]
[PlyCount "43"]
[EventDate "1977.10.22"]
[EventType "tourn"]
[EventRounds "13"]
[EventCountry "PHI"]
[EventCategory "6"]
[SourceTitle "EXT 2004"]
[Source "ChessBase"]
[SourceDate "2003.11.25"]
[SourceVersion "1"]
[SourceVersionDate "2003.11.25"]
[SourceQuality "1"]

1. d4 Nf6 2. c4 c5 3. d5 e6 4. Nc3 exd5 5. cxd5 g6 6. d6 Qb6 7. Bg5 Bg7 8. Qd2 0-0 9. g3 Nc6 10. Bg2 Ne5 11. b3 c4 12. Nf3 Nfg4 13. 0-0 cxb3 14. Nd5 Qc5 15. axb3 f6 16. Nxe5 Nxe5 17. Ne7+ Kh8 18. Be3 Qb5 19. Ra5 Qxb3 20. Bd5 Nc4 21. Qd4 Qc2 22. Bxc4 1-0

[Event "Marlboro Chess Classic"]
[Site "Manila"]
[Date "1977.10.28"]
[Round "6"]
[White "Sampouw, Jacobus S"]
[Black "Shaw, Terrey Ian"]
[Result "1/2-1/2"]
[WhiteElo "2315"]
[BlackElo "2385"]
[PlyCount "61"]
[EventDate "1977.10.22"]
[EventType "tourn"]
[EventRounds "13"]
[EventCountry "PHI"]
[EventCategory "6"]
[SourceTitle "EXT 2004"]
[Source "ChessBase"]
[SourceDate "2003.11.25"]
[SourceVersion "1"]
[SourceVersionDate "2003.11.25"]
[SourceQuality "1"]

1. e4 e5 2. Nf3 Nc6 3. Nc3 Nf6 4. d4 Bb4 5. d5 Nb8 6. Bd3 Bxc3+ 7. bxc3 d6 8. h3 Nbd7 9. 0-0 h6 10. Qe2 Nf8 11. Bb5+ Bd7 12. Bxd7+ N8xd7 13. Ne1 Nc5 14. f3 Qe7 15. Be3 Nfd7 16. Nd3 0-0 17. Bxc5 Nxc5 18. Nxc5 dxc5 19. Rab1 Rab8 20. Rb3 a5 21. c4 b6 22. f4 exf4 23. Rxf4 Rbe8 24. Re3 f6 25. Qg4 Qe5 26. Rg3 Re7 27. h4 Rfe8 28. c3 Kh8 29. Rgf3 Rf8 30. Qg6 Kg8 31. Rg4 1/2-1/2

[Event "Marlboro Chess Classic"]
[Site "Manila"]
[Date "1977.10.23"]
[Round "2"]
[White "Torre, Eugenio"]
[Black "Sampouw, Jacobus S"]
[Result "1-0"]
[WhiteElo "2550"]
[BlackElo "2315"]
[PlyCount "49"]
[EventDate "1977.10.22"]
[EventType "tourn"]
[EventRounds "13"]
[EventCountry "PHI"]
[EventCategory "6"]
[SourceTitle "EXT 2004"]
[Source "ChessBase"]
[SourceDate "2003.11.25"]
[SourceVersion "1"]
[SourceVersionDate "2003.11.25"]
[SourceQuality "1"]

1. c4 e5 2. Nc3 Nf6 3. g3 c6 4. Nf3 d6 5. Bg2 Nbd7 6. 0-0 Be7 7. d4 0-0 8. e4 Re8 9. h3 Bf8 10. Qc2 Qc7 11. Rd1 b5 12. cxb5 cxb5 13. Qb3 a6 14. Be3 exd4 15. Nxd4 Bb7 16. Nd5 Qd8 17. Bg5 Rb8 18. Rac1 h6 19. Bxf6 Nxf6 20. Re1 Nd7 21. Nc6 Bxc6 22. Rxc6 Nc5 23. Qc3 Qd7 24. Rc7 b4 25. Qxc5 1-0

[Event "Marlboro Chess Classic"]
[Site "Manila"]
[Date "1977.10.22"]
[Round "1"]
[White "Sampouw, Jacobus S"]
[Black "Harandi, Khosro"]
[Result "1/2-1/2"]
[WhiteElo "2315"]
[BlackElo "2375"]
[PlyCount "25"]
[EventDate "1977.10.22"]
[EventType "tourn"]
[EventRounds "13"]
[EventCountry "PHI"]
[EventCategory "6"]
[SourceTitle "EXT 2004"]
[Source "ChessBase"]
[SourceDate "2003.11.25"]
[SourceVersion "1"]
[SourceVersionDate "2003.11.25"]
[SourceQuality "1"]

1. e4 c5 2. Nf3 Nc6 3. d4 cxd4 4. Nxd4 Nf6 5. Nc3 d6 6. Be2 e5 7. Nb3 Be7 8. 0-0 0-0 9. Be3 a5 10. f3 a4 11. Nd2 a3 12. bxa3 Qa5 13. Nb3 1/2-1/2